000 00725nac a22002051u 4500
010 _a 98178408
020 _a0750637463
082 0 0 _a621.3815
_bH776
090 _c1979
_d1979
100 _aHood, John Linsley.
245 1 4 _aThe art of linear electronics /
_cJohn Linsley Hood.
250 _a2nd ed.
260 _aOxford [England] ;
_aBoston :
_bNewnes,
_cc1998.
300 _axi, 348 p. :
_bill. ;
_c25 cm.
500 _aIncludes index.
650 0 _aLinear integrated circuits
_xDesign.
650 0 _aElectronic circuit design.
942 _cBB
_k621.3815
999 _c1979
_d1979